00858cam a2200205Lu 450000500170000000800410001702000180005804000560007604100080013224501250014026000740026530000520033950400530039165000440044465000440048865000310053265000220056370000390058570000280062420140903175020.0900101s1995 enk frad 001 0deng d a9780198280675 aCo-BoUCMbspacJavier GarzóndAldemar Mondragón0 aeng00aRegionalism in world politicshregional organization and international orderceditado por Louise Fawcett y Andrew Hurell aOxford (Oxfordshire, Inglaterra)bOxford University Pressc1995g2000 axiii, 342 páginascilustraciones y gráficas aIncluye referencias bibliográficas e índices 7aRegionalismo (Política internacional) 7aRelaciones económicas internacionales 7aRelaciones internacionales17aRegionalización1 aFawcett, Louise L'Estrangeeeditor1 aHurrell, Andreweeditor